[Event "4NCL"]
[Site "Barcelo Hotel, Hinkley Island,"]
[Date "2012.01.14"]
[Round "65.3"]
[White "Whiteley, Andrew J"]
[Black "Ross, Chris N"]
[Result "1/2-1/2"]
[WhiteElo "2280"]
[BlackElo "2237"]
[PlyCount "47"]
[EventDate "2012.??.??"]
[WhiteTeam "Kings Head"]
[BlackTeam "Pandora's Box Grantham"]

1. d4 Nf6 2. c4 e6 3. Nc3 Bb4 4. Qc2 O-O 5. e4 d5 6. e5 Ne4 7. a3 Bxc3+ 8. bxc3
c5 9. Bb2 cxd4 10. cxd4 Qa5+ 11. Ke2 f5 12. f3 Ng5 13. Kf2 Bd7 14. Bd3 dxc4 15.
Bxc4 Rc8 16. Qd3 Na6 17. Ne2 Nc7 18. Qxf5 Bb5 19. Qd3 Bxc4 20. Qxc4 Nd5 21. Qd3
Nf7 22. Rhc1 Qb6 23. Rxc8+ Rxc8 24. Rc1 1/2-1/2

[Event "4NCL"]
[Site "Barcelo Hotel, Hinkley Island,"]
[Date "2012.01.14"]
[Round "65.4"]
[White "Capuzzo, Marcos"]
[Black "Thomas, Rik H"]
[Result "1/2-1/2"]
[WhiteElo "2230"]
[BlackElo "2197"]
[PlyCount "58"]
[EventDate "2012.??.??"]
[WhiteTeam "Pandora's Box Grantham"]
[BlackTeam "Kings Head"]

1. Nf3 d5 2. b3 c5 3. e3 Nc6 4. Bb2 Nf6 5. d4 Bg4 6. Be2 e6 7. O-O Be7 8. c4
O-O 9. Ne5 Bxe2 10. Qxe2 cxd4 11. exd4 dxc4 12. Nxc6 bxc6 13. Qxc4 Qd5 14. Rc1
Rac8 15. Qa6 Rc7 16. Nc3 Qxd4 17. Nb5 Qxb2 18. Nxc7 Bc5 19. Qxc6 Qxf2+ 20. Kh1
Bd4 21. Rc2 Qf4 22. g3 Qe3 23. Rf1 Ne4 24. Nxe6 Qd3 25. Kg2 Nd2 26. Rf4 Qe2+
27. Kh3 Qh5+ 28. Kg2 Qe2+ 29. Kh3 Qh5+ 1/2-1/2

[Event "4NCL"]
[Site "Barcelo Hotel, Hinkley Island,"]
[Date "2012.01.14"]
[Round "65.5"]
[White "Stevenson, James AB"]
[Black "Burrows, Martin P"]
[Result "1/2-1/2"]
[WhiteElo "2080"]
[BlackElo "2152"]
[PlyCount "53"]
[EventDate "2012.??.??"]
[WhiteTeam "Kings Head"]
[BlackTeam "Pandora's Box Grantham"]

1. Nf3 Nf6 2. c4 e6 3. d4 b6 4. g3 Ba6 5. b3 Bb4+ 6. Bd2 Be7 7. Bg2 c6 8. O-O
d5 9. Ne5 Nfd7 10. Nxd7 Nxd7 11. cxd5 cxd5 12. Nc3 Rc8 13. Re1 Nf6 14. b4 Qd7
15. Rb1 Bc4 16. a4 O-O 17. b5 Ra8 18. Qc2 a6 19. Bf1 Rfc8 20. bxa6 Rxa6 21. Bg5
Ne8 22. Bxe7 Qxe7 23. Qb2 Nd6 24. Qb4 Qd7 25. Rb2 h6 26. Bg2 Nf5 27. Rd1
1/2-1/2

[Event "4NCL"]
[Site "Barcelo Hotel, Hinkley Island,"]
[Date "2012.01.14"]
[Round "65.6"]
[White "Batchelor, Peter J"]
[Black "Mackenzie, Colin"]
[Result "1-0"]
[WhiteElo "2006"]
[BlackElo "2096"]
[PlyCount "78"]
[EventDate "2012.??.??"]
[WhiteTeam "Pandora's Box Grantham"]
[BlackTeam "Kings Head"]

1. d4 e6 2. c4 Nf6 3. g3 d5 4. Bg2 Be7 5. Nc3 O-O 6. Nf3 c6 7. O-O Nbd7 8. a3
dxc4 9. Nd2 Nb6 10. e3 e5 11. dxe5 Ng4 12. Qc2 Nxe5 13. f4 Qd3 14. Qxd3 Nxd3
15. Rd1 Bg4 16. Nf3 Rfe8 17. Rxd3 cxd3 18. Ne5 Be2 19. Nxe2 dxe2 20. Kf2 Nd5
21. Kxe2 Bc5 22. e4 Nf6 23. Be3 Bxe3 24. Kxe3 c5 25. Rc1 b6 26. Bf1 h5 27. h3
Rad8 28. Bd3 Rd4 29. b4 Red8 30. bxc5 bxc5 31. Rxc5 Ra4 32. Rc3 Nd7 33. Nxd7
Rxd7 34. Bb5 Rad4 35. Bxd7 Rxd7 36. Rc8+ Kh7 37. Ra8 Kg6 38. g4 h4 39. e5 f5
1-0

[Event "4NCL"]
[Site "Barcelo Hotel, Hinkley Island,"]
[Date "2012.01.14"]
[Round "65.7"]
[White "Balaji, Ananthanarayanan"]
[Black "Birtwistle, Nigel"]
[Result "1/2-1/2"]
[WhiteElo "1817"]
[BlackElo "2173"]
[PlyCount "47"]
[EventDate "2012.??.??"]
[WhiteTeam "Kings Head"]
[BlackTeam "Pandora's Box Grantham"]

1. e4 c5 2. Nc3 g6 3. g3 Bg7 4. Bg2 Nc6 5. d3 d6 6. Be3 Nf6 7. h3 O-O 8. Qd2
Nd4 9. Nd1 e5 10. c3 Nc6 11. Bh6 d5 12. Bxg7 Kxg7 13. exd5 Nxd5 14. Ne3 Nxe3
15. Qxe3 Qb6 16. O-O-O Be6 17. h4 h5 18. Nf3 f6 19. Kb1 Rad8 20. Rhe1 Rfe8 21.
Nd2 Qa6 22. Nb3 Bxb3 23. axb3 Qb6 24. b4 1/2-1/2

[Event "4NCL"]
[Site "Barcelo Hotel, Hinkley Island,"]
[Date "2012.01.14"]
[Round "65.8"]
[White "Cumbers, Paul"]
[Black "Davey, Mark"]
[Result "1-0"]
[WhiteElo "2157"]
[BlackElo "2005"]
[PlyCount "131"]
[EventDate "2012.??.??"]
[WhiteTeam "Pandora's Box Grantham"]
[BlackTeam "Kings Head"]

1. d4 f5 2. e4 fxe4 3. Nc3 Nf6 4. Bg5 c6 5. f3 d5 6. fxe4 dxe4 7. Bc4 Nbd7 8.
Nge2 Qa5 9. Qd2 Nb6 10. Bb3 Nbd5 11. O-O Bg4 12. Nxd5 Qxd2 13. Nxf6+ gxf6 14.
Bxd2 Bxe2 15. Rfe1 Bh5 16. Rxe4 Bg6 17. Re2 Bh5 18. Ree1 Bf7 19. Be6 Rd8 20.
Bxf7+ Kxf7 21. Be3 a6 22. Rad1 e6 23. Rd3 Rg8 24. Rb3 Rd7 25. Bf2 Bd6 26. Rh3
Rg7 27. Rhe3 Re7 28. Rf3 Re8 29. Bh4 f5 30. Bf2 Reg8 31. g3 Rg4 32. Rb3 Rb8 33.
c4 b5 34. cxb5 cxb5 35. Rc1 a5 36. Rc6 a4 37. Rbc3 Bb4 38. Rc2 Rgg8 39. Rc7+
Kf6 40. Rxh7 Bd6 41. Rh6+ Rg6 42. Rxg6+ Kxg6 43. Rc6 Rd8 44. d5 Kf6 45. dxe6
Be5 46. Be3 Bd4 47. Kf2 Bxe3+ 48. Kxe3 Rd5 49. h4 Re5+ 50. Kf3 Rd5 51. Rb6 Rd3+
52. Kf4 Rd4+ 53. Ke3 Rb4 54. h5 Rxb2 55. h6 Rxa2 56. h7 Rh2 57. e7+ Kxe7 58.
Rb8 a3 59. h8=Q Rxh8 60. Rxh8 b4 61. Kd4 b3 62. Kc3 a2 63. Ra8 Kf6 64. Kxb3 Kg5
65. Kxa2 Kg4 66. Rg8+ 1-0

[Event "4NCL"]
[Site "Barcelo Hotel, Hinkley Island,"]
[Date "2012.01.14"]
[Round "66.3"]
[White "Sanders, Isaac B"]
[Black "Bak, Andrew"]
[Result "1-0"]
[WhiteElo "2103"]
[BlackElo "2027"]
[PlyCount "71"]
[EventDate "2012.??.??"]
[WhiteTeam "Barbican Youth"]
[BlackTeam "Bradford DCA Knights A"]

1. d4 e6 2. c4 f5 3. Nc3 Nf6 4. g3 Be7 5. Bg2 d5 6. Nh3 c6 7. O-O O-O 8. Nf4
Na6 9. Rb1 Nc7 10. c5 e5 11. dxe5 Nd7 12. b4 Nxe5 13. Be3 g5 14. Bd4 Nc4 15.
Nd3 Ne6 16. e3 Nxd4 17. exd4 Bf6 18. Nb2 Nxb2 19. Rxb2 Re8 20. Rd2 Be6 21. b5
Qd7 22. Qa4 Reb8 23. Rb1 Qc7 24. Rdb2 Bd7 25. bxc6 bxc6 26. Nxd5 Rxb2 27. Nxf6+
Kf7 28. Rxb2 Kxf6 29. Re2 Rb8 30. Re1 Qb7 31. d5 cxd5 32. Qd4+ Kg6 33. Bxd5 Qb2
34. Bf7+ Kxf7 35. Qxd7+ Kg8 36. Qxf5 1-0

[Event "4NCL"]
[Site "Barcelo Hotel, Hinkley Island,"]
[Date "2012.01.14"]
[Round "66.4"]
[White "Hackner, Oskar A"]
[Black "Farrand, Julian T"]
[Result "1/2-1/2"]
[WhiteElo "2014"]
[BlackElo "2124"]
[PlyCount "100"]
[EventDate "2012.??.??"]
[WhiteTeam "Bradford DCA Knights A"]
[BlackTeam "Barbican Youth"]

1. d4 d6 2. e4 Nf6 3. f3 e5 4. d5 c6 5. c4 Be7 6. Be3 a5 7. Nc3 Na6 8. Bd3 h5
9. h4 Bd7 10. Na4 cxd5 11. cxd5 b5 12. Nb6 Rb8 13. Nxd7 Nxd7 14. Bf2 Nac5 15.
Bc2 b4 16. Ne2 Rc8 17. Ba4 Nxa4 18. Qxa4 O-O 19. Qd1 Nc5 20. Rc1 Qb6 21. g4
hxg4 22. fxg4 Qb5 23. Bxc5 Rxc5 24. Rxc5 Qxc5 25. Qc1 Qxc1+ 26. Nxc1 Rc8 27.
Kd2 Bd8 28. Kd3 Bb6 29. Nb3 a4 30. Nd2 a3 31. Nc4 axb2 32. Rb1 Bd4 33. Nxb2
Rc3+ 34. Ke2 Ra3 35. Nc4 Rxa2+ 36. Kd3 Bc5 37. Nd2 Ra3+ 38. Rb3 Ra2 39. Rb1 Kh7
40. Rb3 Kh6 41. Rb1 Ra3+ 42. Nb3 Bf2 43. Kc4 Bxh4 44. Rf1 Ra7 45. Kxb4 Kg5 46.
Nd2 Kxg4 47. Nc4 Bd8 48. Kb5 Rb7+ 49. Kc6 Rc7+ 50. Kb5 Rb7+ 1/2-1/2

[Event "4NCL"]
[Site "Barcelo Hotel, Hinkley Island,"]
[Date "2012.01.14"]
[Round "66.5"]
[White "O'Toole, George E"]
[Black "Nicholson, Jim WR"]
[Result "1-0"]
[WhiteElo "2187"]
[BlackElo "1990"]
[PlyCount "63"]
[EventDate "2012.??.??"]
[WhiteTeam "Barbican Youth"]
[BlackTeam "Bradford DCA Knights A"]

1. e4 d6 2. d4 g6 3. Nc3 Bg7 4. Be3 a6 5. h4 h5 6. Nf3 Bg4 7. Be2 Nd7 8. Ng5
Bxe2 9. Nxe2 Nh6 10. f3 c5 11. c3 Rc8 12. O-O Qc7 13. Nf4 Nf8 14. Rf2 Ng8 15.
Rd2 Nf6 16. Qa4+ Qc6 17. Qc4 e6 18. d5 exd5 19. exd5 Qd7 20. Re1 Kd8 21. Rde2
Rc7 22. Qd3 Qb5 23. c4 Qd7 24. Bd2 b6 25. Bc3 Kc8 26. b3 Qf5 27. Qxf5+ gxf5 28.
Re7 N8d7 29. Nxf7 Rg8 30. Nxd6+ Kb8 31. Ne6 Nxd5 32. Rxg7 1-0

[Event "4NCL"]
[Site "Barcelo Hotel, Hinkley Island,"]
[Date "2012.01.14"]
[Round "66.6"]
[White "Patrick, David A"]
[Black "Cumming, Rhys"]
[Result "0-1"]
[WhiteElo "1953"]
[BlackElo "2010"]
[PlyCount "74"]
[EventDate "2012.??.??"]
[WhiteTeam "Bradford DCA Knights A"]
[BlackTeam "Barbican Youth"]

1. e4 c5 2. c3 d5 3. exd5 Qxd5 4. d4 Nf6 5. Nf3 Bg4 6. dxc5 Qxd1+ 7. Kxd1 e5 8.
b4 e4 9. h3 Bh5 10. g4 Nxg4 11. hxg4 Bxg4 12. Be2 exf3 13. Bc4 Be7 14. Bf4 O-O
15. Nd2 Nc6 16. Kc2 Bf6 17. Rag1 Bf5+ 18. Kb3 a5 19. b5 a4+ 20. Ka3 Na5 21. Kb4
b6 22. Bd6 Rfd8 23. Nxf3 Nxc4 24. Kxc4 Be4 25. Rh3 bxc5 26. Bxc5 Rac8 27. Kb4
Rd5 28. Bd4 Be7+ 29. Ka5 Ra8+ 30. Kb6 Rb8+ 31. Ka7 Rdxb5 32. Rxg7+ Kf8 33. Ka6
R5b7 34. Rxf7+ Kxf7 35. Rxh7+ Bxh7 36. Ne5+ Ke6 37. Nc6 Bd3+ 0-1

[Event "4NCL"]
[Site "Barcelo Hotel, Hinkley Island,"]
[Date "2012.01.14"]
[Round "66.7"]
[White "Stewart, Ashley"]
[Black "Burke, Mitchell R"]
[Result "1-0"]
[WhiteElo "2001"]
[BlackElo "1897"]
[PlyCount "69"]
[EventDate "2012.??.??"]
[WhiteTeam "Barbican Youth"]
[BlackTeam "Bradford DCA Knights A"]

1. d4 d5 2. c4 dxc4 3. e3 e5 4. Bxc4 exd4 5. exd4 Nf6 6. Nf3 Be7 7. O-O O-O 8.
Nc3 Bg4 9. Be3 Nbd7 10. Re1 Nb6 11. Bb3 c6 12. Rc1 Nbd5 13. h3 Bh5 14. g4 Bg6
15. Ne5 Nxe3 16. fxe3 Bb4 17. Nxg6 hxg6 18. Qf3 Qd6 19. Rcd1 Nd5 20. e4 Qf4 21.
Rf1 Qe3+ 22. Kg2 Qxf3+ 23. Rxf3 Nc7 24. Rdf1 Ne6 25. Rxf7 Rxf7 26. Bxe6 Raf8
27. g5 Be7 28. h4 b5 29. h5 Kh7 30. Rxf7 Rxf7 31. Bxf7 gxh5 32. Bxh5 g6 33. Bg4
Bxg5 34. Bd7 b4 35. Ne2 1-0

[Event "4NCL"]
[Site "Barcelo Hotel, Hinkley Island,"]
[Date "2012.01.14"]
[Round "67.1"]
[White "Tippleston, Charles E"]
[Black "Adams, David M"]
[Result "0-1"]
[WhiteElo "2150"]
[BlackElo "2217"]
[PlyCount "142"]
[EventDate "2012.??.??"]
[WhiteTeam "FCA Solutions 1"]
[BlackTeam "White Rose 2"]

1. e4 d6 2. d4 Nf6 3. Nc3 Nbd7 4. Nf3 e5 5. Bc4 Be7 6. O-O O-O 7. Re1 c6 8. a4
exd4 9. Nxd4 Ne5 10. Bf1 Re8 11. a5 Bd7 12. h3 Qc7 13. f4 Ng6 14. g4 d5 15. e5
Bc5 16. Be3 Ne4 17. Nxe4 dxe4 18. Bg2 Rad8 19. c3 f5 20. Qb3+ Kh8 21. gxf5 Bxd4
22. fxg6 Bxe3+ 23. Rxe3 Be6 24. Qc2 Rf8 25. Qf2 hxg6 26. Qh4+ Kg8 27. Bxe4 Qf7
28. a6 bxa6 29. Qg3 Qxf4 30. Qxf4 Rxf4 31. Bxc6 Rd2 32. b4 Rf5 33. Rae1 Rg5+
34. Kh1 Rh5 35. Bg2 Rg5 36. Bb7 Rh5 37. Bg2 Rg5 38. R1e2 Rd1+ 39. Kh2 Kf8 40.
h4 Rh5 41. Kg3 Ke7 42. Rf2 g5 43. hxg5 Rxg5+ 44. Kh2 Rh5+ 45. Kg3 Rg1 46. Ree2
Rh3+ 47. Kf4 Rxc3 48. Rc2 Rc1 49. Rxc1 Rxc1 50. Ke3 Rc3+ 51. Kd2 Rb3 52. Re2
Rxb4 53. Be4 Rb2+ 54. Ke3 Rxe2+ 55. Kxe2 Bb3 56. Bf5 a5 57. Kd2 a4 58. Kc3 Be6
59. Bh7 a3 60. Kc2 Kd7 61. Kb1 Kc6 62. Be4+ Kc5 63. Bb7 Kd4 64. Bc6 Kxe5 65.
Bf3 Kf4 66. Bc6 g5 67. Ka1 g4 68. Bg2 Kg3 69. Be4 Kf2 70. Bc6 g3 71. Bb7 Bg4
0-1

[Event "4NCL"]
[Site "Barcelo Hotel, Hinkley Island,"]
[Date "2012.01.14"]
[Round "67.2"]
[White "Burnett, Jim"]
[Black "Habershon, Paul F"]
[Result "1/2-1/2"]
[WhiteElo "2137"]
[BlackElo "2122"]
[PlyCount "89"]
[EventDate "2012.??.??"]
[WhiteTeam "White Rose 2"]
[BlackTeam "FCA Solutions 1"]

1. d4 Nf6 2. c4 c5 3. Nf3 cxd4 4. Nxd4 e5 5. Nb5 Bc5 6. Nd6+ Ke7 7. Nxc8+ Qxc8
8. Nc3 h6 9. e3 Rd8 10. Be2 d6 11. O-O a6 12. Bf3 Kf8 13. Qe2 Nc6 14. a3 Qf5
15. b4 Bb6 16. Nd5 Nxd5 17. Bxd5 Rd7 18. Bb2 Ne7 19. Rfd1 Nxd5 20. Rxd5 Rad8
21. Rad1 f6 22. a4 Ba7 23. Ba3 Ke7 24. a5 Qe6 25. Qd3 Ke8 26. b5 Bc5 27. b6 Rc8
28. Bxc5 Rxc5 29. f3 f5 30. Kf2 g5 31. e4 f4 32. Ke2 h5 33. h3 Ke7 34. Qb3 g4
35. hxg4 hxg4 36. Rxc5 dxc5 37. Rd5 Rxd5 38. cxd5 gxf3+ 39. Qxf3 Qd7 40. Qh5
Qb5+ 41. Kf2 Qb2+ 42. Kg1 Qb1+ 43. Kh2 Qxe4 44. Qg5+ Kf7 45. Qd8 1/2-1/2

[Event "4NCL"]
[Site "Barcelo Hotel, Hinkley Island,"]
[Date "2012.01.14"]
[Round "67.3"]
[White "Brown, Alan M"]
[Black "Arnott, Jonathan W"]
[Result "1/2-1/2"]
[WhiteElo "2135"]
[BlackElo "2191"]
[PlyCount "71"]
[EventDate "2012.??.??"]
[WhiteTeam "FCA Solutions 1"]
[BlackTeam "White Rose 2"]

1. d4 e6 2. c4 b6 3. Nc3 Bb7 4. e4 Bb4 5. Bd3 f5 6. Qc2 Qh4 7. g3 Qh5 8. f3
fxe4 9. Bxe4 Bxe4 10. Qxe4 Nc6 11. Nge2 Nf6 12. Qd3 O-O 13. Bd2 d5 14. O-O Bxc3
15. Qxc3 dxc4 16. Qxc4 Qd5 17. Rac1 Ne7 18. Qxc7 Nf5 19. Qc4 Rfd8 20. Qxd5 Rxd5
21. Nf4 Rxd4 22. Bc3 Ra4 23. a3 Nd5 24. Nxe6 Re8 25. Ng5 Rc4 26. Ne4 Rec8 27.
Bd2 Nd4 28. Rxc4 Rxc4 29. Nc3 Nxc3 30. bxc3 Nb3 31. Rd1 Nxd2 32. Rxd2 Rxc3 33.
Rd8+ Kf7 34. Rd7+ Kf6 35. Rxa7 Rxf3 36. Kg2 1/2-1/2

[Event "4NCL"]
[Site "Barcelo Hotel, Hinkley Island,"]
[Date "2012.01.14"]
[Round "67.4"]
[White "Shaw, Peter"]
[Black "Onley, EJ David"]
[Result "1/2-1/2"]
[WhiteElo "2180"]
[BlackElo "2099"]
[PlyCount "89"]
[EventDate "2012.??.??"]
[WhiteTeam "White Rose 2"]
[BlackTeam "FCA Solutions 1"]

1. d4 Nf6 2. c4 g6 3. Nc3 Bg7 4. e4 d6 5. Nf3 O-O 6. Be2 e5 7. Be3 Ng4 8. Bg5
f6 9. Bh4 Qe8 10. d5 a5 11. Nd2 Nh6 12. f3 Na6 13. a3 Bd7 14. b3 f5 15. O-O Nf7
16. Bf2 Bh6 17. Rb1 Qe7 18. Re1 Kh8 19. b4 axb4 20. axb4 Rg8 21. Qc2 Bxd2 22.
Qxd2 f4 23. c5 dxc5 24. bxc5 Nxc5 25. d6 Qxd6 26. Qxd6 cxd6 27. Bxc5 dxc5 28.
Bc4 Rg7 29. Bxf7 Rxf7 30. Rxb7 Be6 31. Rb6 Bc4 32. Rc6 Ra5 33. Nd5 Bd3 34. Rc1
Rb7 35. h4 Rb2 36. Rc8+ Kg7 37. Rc7+ Kf8 38. Rc8+ Kg7 39. Rc7+ Kf8 40. Rc8+ Kf7
41. R1xc5 Rxc5 42. Rxc5 Rb7 43. Rc6 Rb1+ 44. Kh2 Rb2 45. Kg1 1/2-1/2

[Event "4NCL"]
[Site "Barcelo Hotel, Hinkley Island,"]
[Date "2012.01.14"]
[Round "67.5"]
[White "Fraser-Mitchell, Jeremy N"]
[Black "Lewyk, Ihor"]
[Result "0-1"]
[WhiteElo "2085"]
[BlackElo "2091"]
[PlyCount "94"]
[EventDate "2012.??.??"]
[WhiteTeam "FCA Solutions 1"]
[BlackTeam "White Rose 2"]

1. d4 Nf6 2. c4 c5 3. d5 b5 4. cxb5 a6 5. Nc3 axb5 6. e4 b4 7. Nb5 d6 8. Bc4
Nbd7 9. Nf3 Nb6 10. Bd3 e5 11. O-O c4 12. Be3 Bd7 13. Nxd6+ Bxd6 14. Bc2 O-O
15. Nd2 Bb5 16. Qe2 Nfd7 17. Rfd1 Qc7 18. Qh5 Bc5 19. Bxc5 Qxc5 20. Nf3 Qd6 21.
Nh4 g6 22. Qh6 Qf6 23. Nf3 Rfc8 24. Re1 Qg7 25. Qe3 Qf8 26. h3 Kg7 27. Nh4 Qe7
28. Qg3 Qf6 29. Nf3 Qf4 30. Qxf4 exf4 31. Nd4 Ra5 32. Rad1 Ne5 33. Kh2 Bd7 34.
Bb1 Na4 35. Re2 Nc5 36. g3 f3 37. Re3 Ncd3 38. Bxd3 Nxd3 39. Rxf3 Nxb2 40. Ra1
c3 41. Re3 Rca8 42. Nc2 Nc4 43. Rf3 Ne5 44. Re3 Rxa2 45. Rxa2 Rxa2 46. Nxb4
Rxf2+ 47. Kg1 Rb2 0-1

[Event "4NCL"]
[Site "Barcelo Hotel, Hinkley Island,"]
[Date "2012.01.14"]
[Round "67.6"]
[White "O'Driscoll, Kieran"]
[Black "Williamson, Kevin J"]
[Result "1-0"]
[WhiteElo "2104"]
[BlackElo "2083"]
[PlyCount "83"]
[EventDate "2012.??.??"]
[WhiteTeam "White Rose 2"]
[BlackTeam "FCA Solutions 1"]

1. d4 d6 2. c4 Nf6 3. Nc3 c6 4. e4 e5 5. Nf3 Qc7 6. Be2 Be7 7. h3 Nbd7 8. g4 h6
9. Be3 Qa5 10. Qd2 a6 11. Rb1 b5 12. b4 Qc7 13. O-O bxc4 14. Bxc4 Bb7 15. Rfc1
exd4 16. Nxd4 Ne5 17. Be2 Qd7 18. f4 Ng6 19. Nf5 O-O 20. Rd1 d5 21. e5 Ne8 22.
Na4 Rb8 23. Nc5 Qc8 24. Bd3 Bd8 25. Bd4 Nh4 26. Nxh4 Bxh4 27. Bc2 Be7 28. Qd3
f5 29. gxf5 Bxc5 30. bxc5 Qc7 31. Rd2 Rf7 32. Rg2 Kf8 33. Re1 Qa5 34. Ree2 Qxa2
35. e6 Re7 36. f6 gxf6 37. Qg6 Rg7 38. e7+ Kg8 39. Qxg7+ Nxg7 40. e8=Q+ Rxe8
41. Rxe8+ Kf7 42. Bg6# 1-0

[Event "4NCL"]
[Site "Barcelo Hotel, Hinkley Island,"]
[Date "2012.01.14"]
[Round "67.7"]
[White "Smith, Graham M"]
[Black "Archer, Richard"]
[Result "0-1"]
[WhiteElo "2069"]
[BlackElo "2014"]
[PlyCount "50"]
[EventDate "2012.??.??"]
[WhiteTeam "FCA Solutions 1"]
[BlackTeam "White Rose 2"]

1. f4 d5 2. Nf3 g6 3. g3 Bg7 4. Bg2 c6 5. c3 Nf6 6. O-O O-O 7. d3 Qb6+ 8. e3
Nbd7 9. a4 a5 10. Na3 Nc5 11. Re1 Nb3 12. Rb1 Bf5 13. Nd4 Nxd4 14. exd4 Rfe8
15. h3 Qa6 16. Bf1 h5 17. Be3 b5 18. axb5 cxb5 19. Ra1 Reb8 20. Bf2 b4 21. Nc2
bxc3 22. bxc3 Qc8 23. Kh2 Qxc3 24. Rxe7 Rb2 25. Rc1 Be6 0-1

[Event "4NCL"]
[Site "Barcelo Hotel, Hinkley Island,"]
[Date "2012.01.14"]
[Round "68.1"]
[White "Swanson, Stephen"]
[Black "Spencer, Carl J"]
[Result "1/2-1/2"]
[WhiteElo "2277"]
[BlackElo "2171"]
[PlyCount "53"]
[EventDate "2012.??.??"]
[WhiteTeam "Poisoned Pawns"]
[BlackTeam "Cambridge University 2"]

1. g3 d5 2. Bg2 Nf6 3. d3 e5 4. Nf3 Bd6 5. O-O O-O 6. Nc3 c6 7. Bg5 h6 8. Bxf6
Qxf6 9. Nd2 Bg4 10. Qe1 Nd7 11. a3 Rae8 12. h3 Bh5 13. e4 d4 14. Ne2 Bc7 15.
Kh2 c5 16. Rb1 Qa6 17. g4 Bg6 18. Qc1 h5 19. gxh5 Bxh5 20. Ng3 Qh6 21. Nf3 Qxc1
22. Rfxc1 Nf6 23. Nh4 g6 24. Bf3 Bxf3 25. Nxf3 Kh7 26. Rg1 Rh8 27. a4 1/2-1/2

[Event "4NCL"]
[Site "Barcelo Hotel, Hinkley Island,"]
[Date "2012.01.14"]
[Round "68.2"]
[White "Karayiannis, Costas"]
[Black "Byway, Paul V"]
[Result "1-0"]
[WhiteElo "2162"]
[BlackElo "2160"]
[PlyCount "75"]
[EventDate "2012.??.??"]
[WhiteTeam "Cambridge University 2"]
[BlackTeam "Poisoned Pawns"]

1. d4 d5 2. c4 dxc4 3. e3 Nf6 4. Nf3 e6 5. Bxc4 c5 6. O-O a6 7. Bb3 b5 8. a4 b4
9. e4 Bb7 10. e5 Nd5 11. Bg5 Be7 12. Bxe7 Qxe7 13. dxc5 Nd7 14. c6 Bxc6 15.
Nbd2 O-O 16. Nc4 Rfd8 17. Na5 Rac8 18. Nxc6 Rxc6 19. Bxd5 exd5 20. Qxd5 Nb8 21.
Qe4 Re6 22. Rad1 Nc6 23. Rxd8+ Qxd8 24. h3 Qe8 25. Ng5 Rg6 26. f4 Nxe5 27. Nxf7
Nf3+ 28. Qxf3 Qxf7 29. Rd1 Re6 30. Rd8+ Re8 31. Qa8 Kf8 32. Rxe8+ Qxe8 33.
Qxe8+ Kxe8 34. Kf2 Kd7 35. Ke3 Ke6 36. Ke4 Kf6 37. g4 Kg6 38. a5 1-0

[Event "4NCL"]
[Site "Barcelo Hotel, Hinkley Island,"]
[Date "2012.01.14"]
[Round "68.3"]
[White "Rosen, Daniel B"]
[Black "Chan, Nevil"]
[Result "1/2-1/2"]
[WhiteElo "2125"]
[BlackElo "2117"]
[PlyCount "100"]
[EventDate "2012.??.??"]
[WhiteTeam "Poisoned Pawns"]
[BlackTeam "Cambridge University 2"]

1. e4 Nc6 2. Nf3 Nf6 3. e5 Ng4 4. d4 d6 5. h3 Nh6 6. Bxh6 gxh6 7. e6 fxe6 8.
Bb5 Qd7 9. c4 a6 10. Ba4 Bg7 11. Nc3 O-O 12. O-O Qe8 13. d5 exd5 14. cxd5 b5
15. Nxb5 axb5 16. Bxb5 Qh5 17. Bxc6 Rb8 18. Nd4 Qh4 19. Ne6 Bxe6 20. dxe6 Rxb2
21. Qg4 Qxg4 22. hxg4 Rd2 23. Rac1 Rxa2 24. Be4 c5 25. Bf5 Bd4 26. Rc2 Rxc2 27.
Bxc2 Rf6 28. Bf5 h5 29. g3 Kg7 30. Kg2 hxg4 31. Bxg4 h5 32. Bxh5 Rxe6 33. Rc1
Rh6 34. Be2 Rh8 35. f4 Rb8 36. Rc2 Rb2 37. Rxb2 Bxb2 38. f5 Kf6 39. g4 Ke5 40.
Kf3 d5 41. Ke3 Bc1+ 42. Kd3 Bg5 43. Bf3 Bf6 44. Bg2 c4+ 45. Kc3 Kf4+ 46. Kb4 c3
47. Kb3 d4 48. Kc2 Kxg4 49. Be4 Kf4 50. Bd3 Ke3 1/2-1/2

[Event "4NCL"]
[Site "Barcelo Hotel, Hinkley Island,"]
[Date "2012.01.14"]
[Round "68.7"]
[White "McMahon, Paul"]
[Black "Gooding, Ian"]
[Result "0-1"]
[WhiteElo "2029"]
[BlackElo "2035"]
[PlyCount "76"]
[EventDate "2012.??.??"]
[WhiteTeam "Poisoned Pawns"]
[BlackTeam "Cambridge University 2"]

1. Nc3 d5 2. e4 d4 3. Nce2 c5 4. Ng3 e5 5. Bc4 Nc6 6. d3 Nf6 7. Nf3 Be7 8. O-O
O-O 9. c3 a6 10. a4 h6 11. Nh4 Na5 12. Ba2 dxc3 13. Ng6 Re8 14. Nxe5 c4 15.
bxc3 b5 16. d4 Bb7 17. Re1 Nh7 18. Bb1 b4 19. Qh5 Rf8 20. Nf5 bxc3 21. Nxe7+
Qxe7 22. Ba3 Qc7 23. Bxf8 Rxf8 24. Qf3 Nb3 25. Qxc3 Nxa1 26. Qxa1 c3 27. Rc1
Rc8 28. f3 Qb6 29. Nd3 Qxd4+ 30. Kf1 a5 31. Ke2 Nf6 32. Qa2 Ba6 33. Qc2 Nd7 34.
Rd1 Ne5 35. Qc1 c2 36. Bxc2 Bxd3+ 37. Rxd3 Nxd3 38. Qd2 Nf4+ 0-1

[Event "4NCL"]
[Site "Barcelo Hotel, Hinkley Island,"]
[Date "2012.01.14"]
[Round "68.8"]
[White "Kourtseva, Julie"]
[Black "Redman, David J"]
[Result "0-1"]
[WhiteElo "1761"]
[BlackElo "1804"]
[PlyCount "28"]
[EventDate "2012.??.??"]
[WhiteTeam "Cambridge University 2"]
[BlackTeam "Poisoned Pawns"]

1. d4 d5 2. c4 e6 3. Nc3 c5 4. cxd5 exd5 5. Nf3 Nc6 6. dxc5 d4 7. Ne4 Bf5 8.
Nd6+ Bxd6 9. cxd6 Qxd6 10. g3 Nb4 11. Bf4 Qc5 12. Rc1 Nc2+ 13. Rxc2 Bxc2 14.
Qxd4 Rd8 0-1

[Event "4NCL"]
[Site "Barcelo Hotel, Hinkley Island,"]
[Date "2012.01.14"]
[Round "69.2"]
[White "Dishman, Stephen"]
[Black "Williams, Samuel G"]
[Result "1/2-1/2"]
[WhiteElo "2333"]
[BlackElo "2234"]
[PlyCount "22"]
[EventDate "2012.??.??"]
[WhiteTeam "AMCA Dragons"]
[BlackTeam "Sambuca Sharks"]

1. d4 Nf6 2. Nc3 d5 3. Bg5 Nbd7 4. Qd3 c5 5. Nf3 cxd4 6. Qxd4 Qa5 7. e3 e6 8.
Bxf6 Nxf6 9. Bb5+ Bd7 10. Bxd7+ Nxd7 11. O-O Rc8 1/2-1/2

[Event "4NCL"]
[Site "Barcelo Hotel, Hinkley Island,"]
[Date "2012.01.14"]
[Round "69.3"]
[White "Roberson, Peter T"]
[Black "Holland, James P"]
[Result "1/2-1/2"]
[WhiteElo "2283"]
[BlackElo "2200"]
[PlyCount "95"]
[EventDate "2012.??.??"]
[WhiteTeam "Sambuca Sharks"]
[BlackTeam "AMCA Dragons"]

1. e4 c5 2. Nc3 d6 3. f4 g6 4. Nf3 Bg7 5. Bb5+ Bd7 6. Bc4 Nc6 7. O-O Nf6 8. e5
Ng8 9. exd6 exd6 10. Ng5 Nh6 11. Re1+ Kf8 12. Nd5 Bd4+ 13. Ne3 Bg4 14. Be2 Bxe2
15. Qxe2 d5 16. Nf3 Bf6 17. Qb5 Qd6 18. d3 Kg7 19. c4 dxc4 20. Nxc4 Qxd3 21.
Qxb7 Qxc4 22. Qxc6 Rac8 23. Qe4 Qxe4 24. Rxe4 Rhe8 25. Rxe8 Rxe8 26. Rb1 Ng4
27. h3 Bd4+ 28. Kf1 Ne3+ 29. Bxe3 Bxe3 30. Re1 Re7 31. g3 h5 32. b3 Kf6 33. Rd1
Kf5 34. Rd5+ Ke4 35. Re5+ Rxe5 36. Nxe5 f6 37. Nxg6 Kf3 38. g4 hxg4 39. hxg4
Kxg4 40. Ne7 Kxf4 41. Nd5+ Ke4 42. Nxf6+ Kd3 43. Nd5 Bd2 44. Nc7 Kc2 45. Ke2
Bb4 46. Nd5 Kb2 47. Kd3 Kxa2 48. Kc4 1/2-1/2

[Event "4NCL"]
[Site "Barcelo Hotel, Hinkley Island,"]
[Date "2012.01.14"]
[Round "69.4"]
[White "Cooksey, Paul S"]
[Black "Tavoularis, Nicholas"]
[Result "0-1"]
[WhiteElo "2273"]
[BlackElo "2167"]
[PlyCount "76"]
[EventDate "2012.??.??"]
[WhiteTeam "AMCA Dragons"]
[BlackTeam "Sambuca Sharks"]

1. d4 d5 2. c4 c6 3. Nf3 Nf6 4. Qc2 g6 5. Bf4 Bf5 6. Qb3 Qb6 7. e3 Na6 8. Qxb6
axb6 9. Nc3 Nb4 10. Rc1 dxc4 11. Bxc4 b5 12. Be2 Nxa2 13. Ra1 Be6 14. O-O Bg7
15. Nxa2 Bxa2 16. Nd2 O-O 17. e4 Be6 18. h3 Rfd8 19. Be3 Ne8 20. e5 Nc7 21. Ne4
Bd5 22. Nc3 Bc4 23. Bxc4 bxc4 24. Na4 Nd5 25. Nc5 b6 26. Ne4 f6 27. exf6 exf6
28. Rfc1 b5 29. Nc5 Re8 30. Bd2 f5 31. Rxa8 Rxa8 32. b3 Ra2 33. bxc4 bxc4 34.
Be1 c3 35. Ne6 Bh6 36. f4 Bxf4 37. Nxf4 Nxf4 38. Kf1 c2 0-1